Efficiency performance of Rice farms in Norther Bangladesh : (Record no. 81263)
[ view plain ]
| 000 -LEADER | |
|---|---|
| fixed length control field | 00984nam a22002417a 4500 |
| 001 - CONTROL NUMBER | |
| RUCL Control Number | 81263 |
| 003 - CONTROL NUMBER IDENTIFIER | |
| rucl marc code | BD-RjUL |
| 005 - DATE AND TIME OF LATEST TRANSACTION | |
| control field | 20231226113601.0 |
| 008 - FIXED-LENGTH DATA ELEMENTS--GENERAL INFORMATION | |
| fixed length control field | 230226s2013 bg a|||| m||| 00| 0 eng d |
| 035 ## - SYSTEM CONTROL NUMBER | |
| system control number | (BD-RjUL)81263 |
| 040 ## - CATALOGING SOURCE | |
| Original cataloging agency | BD-RjUL |
| Language of cataloging | eng |
| Transcribing agency | BD-RjUL |
| Modifying agency | BD-RjUL |
| 041 ## - LANGUAGE CODE | |
| Language code of Book | eng |
| 082 ## - DEWEY DECIMAL CLASSIFICATION NUMBER | |
| DDC Edition number | 23 |
| Classification number | 338.1654924 |
| Author mark and Year | MIE 2013 |
| 100 ## - MAIN ENTRY--PERSONAL NAME | |
| Personal name | Miah, Md. Nurunnabi |
| 9 (RLIN) | 1287 |
| 245 10 - TITLE STATEMENT | |
| Title | Efficiency performance of Rice farms in Norther Bangladesh : |
| Remainder of title | An application of the stochastic frontier and data Envelopment analysis (DEA) model / |
| Statement of responsibility, etc | By Md. Nurunnabi Miah ; |
| Name of Supervisor/Co-Supervisor | Supervisor : Md. Abdul Wadud, |
| 260 ## - PUBLICATION, DISTRIBUTION, ETC. (IMPRINT) | |
| Place of publication, distribution, etc | Rajshahi ; |
| Name of publisher, distributor, etc | Department of Economics, University of Rajshahi, |
| Date of publication, distribution, etc | 2013. |
| 300 ## - PHYSICAL DESCRIPTION | |
| Pagination | xv, 242 leaves : |
| Other physical details | ill, ; |
| Dimensions | 29.cm. |
| 502 ## - DISSERTATION NOTE | |
| Dissertation note | Thesis (Ph. D.) -- Department of Economics, University of Rajshahi, 2013 |
| 504 ## - BIBLIOGRAPHY, ETC. NOTE | |
| Bibliography, etc | Bibliography : Leaves 204 - 217 |
| 650 ## - SUBJECT ADDED ENTRY--TOPICAL TERM | |
| Topical term or geographic name as entry element | Farm |
| Form subdivision | Production |
| Source of heading or term | Northrn Bangladesh |
| 9 (RLIN) | 7084 |
| 700 ## - ADDED ENTRY--SUPERVISOR/CO-SUPERVISOR NAME | |
| Personal name | Wadud, Md. Abdul, Supervisor |
| 9 (RLIN) | 1289 |
| 942 ## - ADDED ENTRY ELEMENTS (KOHA) | |
| Source of classification or shelving scheme | Dewey Decimal Classification |
| Koha item type | Theses |
| Source of classification or shelving scheme | Damaged status | Not for loan | Collection code | Permanent Location | Current Location | Shelving location | Date of accession | Source of acquisition | Full call number | Barcode | Date last seen | Copy number | Thesis |
|---|---|---|---|---|---|---|---|---|---|---|---|---|---|
| Dewey Decimal Classification | Not For Loan | Theses | Central Library, University of Rajshahi | Central Library, University of Rajshahi | Documentation Section | 22/09/2014 | Controller of Exam. R.U. | THE 338.1654924 MIE 2013 | D3650 | 26/02/2023 | C-1 | Theses |